000 00719cab a2200217 4500
001 WB3320-17
008 090401t1997 xxu||||| |||| 00| 0 eng d
035 _a(Sirsi) u78515
041 _aeng
245 _aUnderlease: surrender
260 _c1997
350 _a0
490 _aEGCS
_v1997 EGCS 70 (17/5/97)
520 _a"McDougalls Catering Foods Ltd v BSE Trading Ltd" CA 2 May 1997. As surety, the defendant was liable for the performance of covenants including the costs of evicting gypsies.
650 _aMCDOUGALLS CATERING FOODS LTD V BSE TRADING LTD
650 _aSURETIES
650 _aUNDERLEASE
690 _aLANDLORD AND TENANT-CASE LAW-BUSINESS TENANCIES
942 _n0
948 _c22/05/1997
999 _c49396
_d49396